| 000 | 01063cam a2200253 i 4500 | ||
|---|---|---|---|
| 003 | SA-RiAUC | ||
| 005 | 20260330130123.0 | ||
| 008 | 260316s1937 ||| g 00010 ara c | ||
| 040 |
_aSA-RiAUC _bara _cSA-RiAUC _erda |
||
| 082 | 0 | 4 |
_a237.7 _qSA-RiAUC |
| 090 |
_aم ن 237.7 _bا ب ن د |
||
| 100 | 1 |
_aابن دقيق العيد، محمد بن علي بن وهب، _d625-702 هجري _eمؤلف. |
|
| 245 | 1 | 0 |
_aشرح الأربعين حديثا النووية / _cشرح ابن دقيق العيد. |
| 264 | 1 |
_a[مكان النشر غير محدد] : _bإدارة الطباعة المنيرية، _c[1937] |
|
| 300 |
_a106 صفحة ؛ _c29 سم |
||
| 336 |
_aنص _btxt _2rdacontent _3كتاب |
||
| 337 |
_aبدون وسيط _bn _2rdamedia |
||
| 338 |
_aمجلد _bnc _2rdacarrier |
||
| 650 | 7 |
_aالحديث _xالمسانيد _2aucsh |
|
| 700 | 1 | 2 |
_aالنووي، يحيى بن شرف بن مري، _d631-676 هجري |
| 740 | 2 | 2 | _aالأربعين حديثا النووية. |
| 942 |
_2ddc _cRBOOK COPY _n0 |
||
| 949 |
_aSA-JeALM _d260316 _umohamedma123 _n1 |
||
| 999 |
_c14687 _d14687 |
||